LEADER 01151nam a2200265 i 4500 001 000000176543 003 CaOOAMICUS 005 20240919113602.0 008 081211s2008 it u000 u ita u 020 $a88-7023-297-2 040 $aSeMil$bita 100 1 $aMaveri, Federica.$0(OLS)http://semarc/name/62159 245 13$aUn maestro di Venegono :$bmonsignor Giovanni Battista Guzzetti, 1912-1996 /$cFederica Maveri. 264 1$aMilano :$bNED,$c2008. 300 $a253 p. ;$c24 cm. 490 1 $aArchivio Ambrosiano ;$v95. 600 14$aGuzzetti, Giovanni Battista .$0(OLS)http://semarc/subject/16478 830 0$aArchivio Ambrosiano ;$v95.$0(OLS)http://semarc/title/254 850 $aSeMil 852 $aSeMil$W1$xVenegono$y1$m3TA A 95$j250873$B127363$CSeMilBibl$Z2$F137870 $81 961 $aOmaggio: Rimoldi mons. Antonio 996 $6020$a88-7023-297-2$9(OLS)http://semarc/number/165140 996 $6245$aUn maestro di Venegono :$bmonsignor Giovanni Battista Guzzetti, 1912-1996$9(OLS)http://semarc/title/253431 996 $6264$aMilano :$bNED$9(OLS)http://semarc/publisher/30187 LEADER 01349nam a2200277 i 4500 001 000000091076 003 CaOOAMICUS 005 20211123125525.0 008 151215s1735 it u000 u ita u 013 $a63318 026 $ae.re 7.2- 0.8. (Ise (3) 1735 (R) 040 $aSeMil$bita 100 1 $aTommasi, Giuseppe Maria,$c.$0(OLS)http://semarc/name/11619 245 10$aOpere ascetiche del venerabile cardinale Giuseppe Maria Tommasi cherico regolare teatino. 260 $aIn Ferrara :$bPer Giuseppe Barbieri,$c1735. 300 $a[16], 269, [3] p., [1] carta di tav. :$bantip. ;$c8º. 500 $aFront. stampato in rosso e nero. - Antip. con ritr. calcogr. dell'A. inc. da Bolzoni e datato 1735 500 $aSegn.: pg2 A-2L4 650 4$aAscetica - Testi.$0(OLS)http://semarc/subject/1695 700 1 $aBolzoni, Andrea .$0(OLS)http://semarc/name/40839 710 0 $aBarbieri, Giuseppe .$0(OLS)http://semarc/name/40838 850 $aSeMil 852 $aSeMil$W1$xVenegono$y1$m3J II 20 FA$j54037$B54037$CSeMilBibl$Z2$F58677 $8I 996 $6245$aOpere ascetiche del venerabile cardinale Giuseppe Maria Tommasi cherico regolare teatino$9(OLS)http://semarc/title/137200 996 $6260$aIn Ferrara :$bPer Giuseppe Barbieri$9(OLS)http://semarc/publisher/43767